<?xml version="1.0" encoding="UTF-8"?>
<record
    xmlns:xsi="http://www.w3.org/2001/XMLSchema-instance"
    xsi:schemaLocation="http://www.loc.gov/MARC21/slim http://www.loc.gov/standards/marcxml/schema/MARC21slim.xsd"
    xmlns="http://www.loc.gov/MARC21/slim">

  <leader>02462cam a2200265Ia 4500</leader>
  <datafield tag="020" ind1=" " ind2=" ">
    <subfield code="a">0821362496 (ISBN10)</subfield>
  </datafield>
  <datafield tag="020" ind1=" " ind2=" ">
    <subfield code="a">9780821362495 (ISBN10)</subfield>
  </datafield>
  <datafield tag="020" ind1=" " ind2=" ">
    <subfield code="a">082136250X (eISBN)</subfield>
  </datafield>
  <datafield tag="020" ind1=" " ind2=" ">
    <subfield code="a">9780821362501 (eISBN)</subfield>
  </datafield>
  <datafield tag="040" ind1=" " ind2=" ">
    <subfield code="c">DJB</subfield>
  </datafield>
  <datafield tag="082" ind1="1" ind2="4">
    <subfield code="a">338 OXF 2005 A073 Or.</subfield>
  </datafield>
  <datafield tag="245" ind1="0" ind2="0">
    <subfield code="a">Equity and development</subfield>
  </datafield>
  <datafield tag="260" ind1=" " ind2=" ">
    <subfield code="a">Washington, D.C. :</subfield>
    <subfield code="b">World Bank ;</subfield>
    <subfield code="a">New York :</subfield>
    <subfield code="b">Oxford University Press,</subfield>
    <subfield code="c">c2005</subfield>
  </datafield>
  <datafield tag="300" ind1=" " ind2=" ">
    <subfield code="a">xiv, 320 p. :</subfield>
    <subfield code="b">col. ill., col. maps ;</subfield>
    <subfield code="c">27 cm</subfield>
  </datafield>
  <datafield tag="490" ind1="1" ind2=" ">
    <subfield code="a">World development report,</subfield>
  </datafield>
  <datafield tag="500" ind1=" " ind2=" ">
    <subfield code="a">"A copublication of The World Bank and Oxford University Press."</subfield>
  </datafield>
  <datafield tag="500" ind1=" " ind2=" ">
    <subfield code="a">"This report has been prepared by a core team led by Francisco H.G. Ferreira and Michael Walton, and comprising Tamar Manuelyan Atinc ... [et al.]"--P. xiii</subfield>
  </datafield>
  <datafield tag="520" ind1=" " ind2=" ">
    <subfield code="a">World Development Report 2006 analyzes the relationship between equity and development. The report documents the persistence of inequality traps by highlighting the interaction between different forms of inequality. It presents evidence that the inequality of opportunity that arises is wasteful and inimical to sustainable development and poverty reduction. It also derives policy implications that center on the broad concept of leveling the playing field-both politically and economically and in the domestic and the global arenas. The report recognizes the intrinsic value of equity but aims primarily to document how a focus on equity matters for long-run development. It has three parts: Part I considers the evidence on inequality of opportunity, within and across countries. Part II asks why equity matters, discussing the two channels of impact (the effects of unequal opportunities when markets are imperfect, and the consequences of inequity for the quality of institutions a society develops) as well as intrinsic motives. Part III asks how public action can level the political and economic playing fields. In the domestic arena, it makes the case for investing in people, expanding access to justice, land, and infrastructure, and promoting fairness in markets. In the international arena, it considers leveling the playing field in the functioning of global markets and the rules that govern them-and the complementary provision of aid to help poor countries and poor people build greater endowments</subfield>
  </datafield>
  <datafield tag="650" ind1=" " ind2="0">
    <subfield code="a">Equity</subfield>
  </datafield>
  <datafield tag="650" ind1=" " ind2="0">
    <subfield code="a">Economic development</subfield>
  </datafield>
  <datafield tag="700" ind1="1" ind2=" ">
    <subfield code="a">Ferreira, Francisco H. G</subfield>
  </datafield>
  <datafield tag="700" ind1="1" ind2=" ">
    <subfield code="a">Walton, Michael,</subfield>
  </datafield>
  <datafield tag="710" ind1="2" ind2=" ">
    <subfield code="a">World Bank</subfield>
  </datafield>
  <datafield tag="942" ind1=" " ind2=" ">
    <subfield code="c">EK</subfield>
  </datafield>
  <datafield tag="999" ind1=" " ind2=" ">
    <subfield code="c">15063</subfield>
    <subfield code="d">15063</subfield>
  </datafield>
  <datafield tag="952" ind1=" " ind2=" ">
    <subfield code="0">0</subfield>
    <subfield code="1">0</subfield>
    <subfield code="4">0</subfield>
    <subfield code="6">338_000000000000000_OXF_2005_A073_OR</subfield>
    <subfield code="7">0</subfield>
    <subfield code="9">67799</subfield>
    <subfield code="a">LBA</subfield>
    <subfield code="b">LBA</subfield>
    <subfield code="c">A073</subfield>
    <subfield code="d">2017-11-02</subfield>
    <subfield code="l">1</subfield>
    <subfield code="o">338 OXF 2005 A073 Or.</subfield>
    <subfield code="p">A07517</subfield>
    <subfield code="r">2020-03-16</subfield>
    <subfield code="s">2020-02-28</subfield>
    <subfield code="w">2017-11-02</subfield>
    <subfield code="y">EK</subfield>
  </datafield>
</record>
